Biblioteca y Centro de Documentación

El transporte como motor del desarrollo socioeconómico (Registro nro. 51203)

Detalles MARC
000 -CABECERA
Longitud fija campo de control 01931nam a2200445 c 4500
001 - NÚMERO DE CONTROL
Número de control 51203
003 - IDENTIFICADOR DE NÚMERO DE CONTROL
Identificador del número de control ES-MaCES
005 - FECHA Y HORA DE LA ÚLTIMA TRANSACCIÓN
Fecha y hora de la última transacción 20251115040004.0
008 - CAMPO FIJO DE DESCRIPCIÓN FIJA--INFORMACIÓN GENERAL
Códigos de información de longitud fija   190325s2018 sp 100 | spa d
017 ## - NÚMERO DE REGISTRO DE DERECHOS DE AUTOR Y DEPÓSITO LEGAL
Número de copyright o de depósito legal M 42150-2018
Agencia que asigna el número DL
020 ## - ISBN (INTERNATIONAL STANDARD BOOK NUMBER)
Número Internacional Normalizado para Libros (ISBN) 9788491236047
040 ## - FUENTE DE CATALOGACIÓN
Centro catalogador de origen ES-MaCES
Lengua de catalogación spa
Centro transcriptor ES-MaCES
041 0# - CÓDIGO DE IDIOMA
Código de lengua del texto;banda sonora o título independiente spa
-- eng
-- ita
111 2# - ENCABEZAMIENTO PRINCIPAL--NOMBRE DE REUNIÓN
9 (RLIN) 39532
Nombre de congreso o jurisdicción como elemento de entrada VII Congreso Internacional de Transporte "El Transporte como Motor del Desarrollo Socioeconómico"
Número del congreso o número de parte o sección de la obra
Fecha del congreso 2018
Sede del congreso Benicàssim, Castellón
245 13 - MENCIÓN DE TÍTULO
Título El transporte como motor del desarrollo socioeconómico
Mención de responsabilidad, etc. [recoge las ponencias presentadas al VII Congreso Internacional de Transporte "El Transporte como Motor del Desarrolloeconómico", celebrado en Benicàssim los días 13, 14 y 15 de jun. de 2018, organizado por el Instituto Universitario del Derecho del Transporte de la Universitat Jaume I de Castellón (IDT)] ; M.ª Victoria Petit Lavall, Achim Puetz (dirs.) ; [autores, Luca Ancis ... et al]
260 ## - PUBLICACIÓN, DISTRIBUCIÓN, ETC (PIE DE IMPRENTA)
Lugar de publicación, distribución, etc. Madrid [etc.]
Nombre del editor, distribuidor, etc. Marcial Pons
Fecha de publicación, distribución, etc. 2018
300 ## - DESCRIPCIÓN FÍSICA
Extensión 687 p.
Dimensiones 24 cm
500 ## - NOTA GENERAL
Nota general Textos en español, inglés e italiano
504 ## - NOTA DE BIBLIOGRAFÍA, ETC.
Nota de bibliografía, etc. Bibliografía<br/>
541 ## - NOTA DE LA FUENTE INMEDIANTE DE ADQUISICIÓN
Forma de adquisición Compra
650 #4 - ASIENTO SECUNDARIO DE MATERIA--TÉRMINO DE MATERIA
Término de materia o nombre geográfico como elemento inicial transportes
9 (RLIN) 28016
650 #4 - ASIENTO SECUNDARIO DE MATERIA--TÉRMINO DE MATERIA
Término de materia o nombre geográfico como elemento inicial transporte por carretera
9 (RLIN) 28054
650 #4 - ASIENTO SECUNDARIO DE MATERIA--TÉRMINO DE MATERIA
Término de materia o nombre geográfico como elemento inicial transporte marítimo
9 (RLIN) 28055
650 #4 - ASIENTO SECUNDARIO DE MATERIA--TÉRMINO DE MATERIA
Término de materia o nombre geográfico como elemento inicial transporte aéreo
9 (RLIN) 28048
650 #4 - ASIENTO SECUNDARIO DE MATERIA--TÉRMINO DE MATERIA
Término de materia o nombre geográfico como elemento inicial economía colaborativa
9 (RLIN) 37923
650 #4 - ASIENTO SECUNDARIO DE MATERIA--TÉRMINO DE MATERIA
Término de materia o nombre geográfico como elemento inicial turismo
9 (RLIN) 27890
650 #4 - ASIENTO SECUNDARIO DE MATERIA--TÉRMINO DE MATERIA
Término de materia o nombre geográfico como elemento inicial desarrollo económico y social
9 (RLIN) 29234
650 #4 - ASIENTO SECUNDARIO DE MATERIA--TÉRMINO DE MATERIA
Término de materia o nombre geográfico como elemento inicial derecho comunitario
9 (RLIN) 29866
650 #4 - ASIENTO SECUNDARIO DE MATERIA--TÉRMINO DE MATERIA
Término de materia o nombre geográfico como elemento inicial derecho comparado
9 (RLIN) 29868
650 #4 - ASIENTO SECUNDARIO DE MATERIA--TÉRMINO DE MATERIA
Término de materia o nombre geográfico como elemento inicial España
9 (RLIN) 26964
650 #4 - ASIENTO SECUNDARIO DE MATERIA--TÉRMINO DE MATERIA
Término de materia o nombre geográfico como elemento inicial régimen jurídico
9 (RLIN) 29894
650 #4 - ASIENTO SECUNDARIO DE MATERIA--TÉRMINO DE MATERIA
Término de materia o nombre geográfico como elemento inicial conferencia
9 (RLIN) 27013
653 10 - TÉRMINO DE INDEXACIÓN--NO CONTROLADO
Término no controlado Transporte-Comunicaciones
700 1# - ENCABEZAMIENTO SECUNDARIO--NOMBRE PERSONAL
9 (RLIN) 20946
Nombre de persona Petit Lavall, María Victoria
Término indicativo de función dir.
700 1# - ENCABEZAMIENTO SECUNDARIO--NOMBRE PERSONAL
9 (RLIN) 39530
Nombre de persona Puetz, Achim
Término indicativo de función dir.
700 1# - ENCABEZAMIENTO SECUNDARIO--NOMBRE PERSONAL
9 (RLIN) 39531
Nombre de persona Ancis, Luca
710 2# - ENCABEZAMIENTO SECUNDARIO--NOMBRE CORPORATIVO
9 (RLIN) 39533
Nombre de entidad o nombre de jurisdicción como elemento inicial Instituto Universitario de Derecho del Transporte
902 ## - CES. TIPO DE DOCUMENTO
Tipodoc (006$c Sirtex) LIB Libro
942 ## - ELEMENTOS KOHA
Fuente de clasificaión o esquema Clasificación propia del CES
Koha [por defecto] tipo de item Monografías
Parte de clasificación Políticas Sectoriales
Existencias
Número de registro Signatura completa Tipo de item de Koha
091372 SG-5.2.-220 Monografías
© CES, Consejo Económico y Social de España 2021